| 000 | 00465pab a2200169 454500 | ||
|---|---|---|---|
| 008 | 180718b2008 xxu||||| |||| 00| 0 eng d | ||
| 100 | _aVachharajani, Hardik | ||
| 245 | _aWho our customers are and what do they expect? - A review of literature from higher education perspective | ||
| 260 | _c2008 | ||
| 300 | _ap.14-17. | ||
| 362 | _a25 Aug | ||
| 650 | _aStudents | ||
| 650 | _aHigher education | ||
| 773 | _aUniversity News | ||
| 908 | _aN | ||
| 909 | _a79210 | ||
| 999 |
_c79210 _d79210 |
||